Sem tempo para sonhar (Registo nº 2115)

Detalhes MARC
000 -Etiqueta do registo
Cabeçalho 00763nam a22002531 4500
005 - Identificador da versão
Campo de controlo 20240813121925.0
095 ## -
-- PTBN00070088
100 ## - Dados gerais de processamento
Dados gerais de processamento 19940602d1981 m y0pory5003 ba
102 ## - Pais de publicação ou produção
País de publicação Portugal
101 1# - Língua de publicação
Língua do texto, banda sonora, etc. Português
Língua do documento no original Alemão
215 ## - Descrição física 
Indicação específica da natureza do documento e extensão da espécie 149, [2] p.
Dimensões 19 cm
200 1# - Titulo e menção de responsabilidade
Título próprio Sem tempo para sonhar
Primeira menção de responsabilidade Bárbara Schwindt
Outras menções de responsabilidade trad. Regina Sales
225 2# - Colecção 
Título próprio da colecção Daniela
Indicação de volume 2
210 ## - Publicação, Distribuição, etc. 
Lugar da edição, distribuição, etc. Lisboa
Nome do editor, distribuidor, etc. Verbo
Data da publicação, distribuição, etc. imp. 1981
304 ## - Notas relativas a título e menção de responsabilidade 
Texto da nota Tít. orig.: Daniela - Keine zeit fur traume
606 ## - Nome comum usado como assunto
Número de registo de entrada de autoridade 0000229
Palavra de ordem Literatura estrangeira infanto-juvenil
Subdivisão de assunto Romance de aventuras
675 ## - Classificação Decimal Universal (CDU)
Notação 82-311.3
Edição
Língua da edição por
702 #1 - Nome de autor-pessoa física (responsabilidade secundária)
Número de registo de entrada de autoridade 0000862
Palavra de ordem Sales
Outra parte do nome não tomada para palavra de ordem Regina
Código de função Tradutor
700 #1 - Nome de autor-pessoa física (responsabilidade principal)
Número de registo de entrada de autoridade 0000861
Palavra de ordem Schwindt
Outra parte do nome não tomada para palavra de ordem Barbara
942 ## - Elementos de entrada adicionados (Koha)
Tipo de item no Koha Livro
Exemplares
Situação do levantamento Origin of item (home branch) (coded) Biblioteca de empréstimo Código de barras Cota Circulation type (not for loan) Tipo de documento Nota do exemplar Damaged status
  Biblioteca Escolar da Coca Maravilhas Biblioteca Escolar da Coca Maravilhas BECM2604/94 8EST SCH   Livro Sem mensagem